|
|
|
|
| LEADER |
01574cam a2200301 a 4500 |
| 001 |
00507804 |
| 003 |
GR-PaULI |
| 008 |
060517s2004 it 000 0 eng d |
| 020 |
|
|
|a 9251051143
|
| 040 |
|
|
|a GrPaTEI
|b gre
|c GR-PaULI
|
| 082 |
|
0 |
|a 597
|2 22
|
| 100 |
1 |
|
|a Travaglia, Carlo
|
| 245 |
1 |
0 |
|a Mapping coastal aquaculture and fisheries structures by satellite imaging radar :
|b case study of the Lingayen Gulf, the Philippines /
|c by Carlo Travaglia, Giuliana Profeti, Jose Aguilar-Manjarrez, and Nelson A. Lopez.
|
| 260 |
|
|
|a Rome :
|b Food and Agriculture Organization of the United Nations,
|c 2004.
|
| 300 |
|
|
|a 43 σ. :
|b εικ,χαρτ. ;
|c 30 εκ.
|
| 500 |
|
|
|a Περιλαμβάνει βιβλιογραφία
|
| 650 |
|
0 |
|a Fish stock assessment
|x Remote sensing.
|
| 650 |
|
0 |
|a Fish traps
|x Remote sensing.
|
| 650 |
|
7 |
|a Εκτίμηση αποθέματος ψαριών
|x Τηλεσκόπηση
|2 lcsh/gre
|
| 700 |
1 |
|
|a Aguilar-Manjarrez, Jose
|
| 700 |
1 |
|
|a Lopez, Nelson A
|
| 700 |
1 |
|
|a Profeti, Giuliana
|
| 710 |
|
|
|a Food and Agriculture Organization of the United Nations
|
| 942 |
|
|
|2 ddc
|
| 952 |
|
|
|0 0
|1 0
|2 ddc
|4 0
|6 597_000000000000000_TRA
|7 0
|9 250463
|a MSLG
|b MSLG
|c BSC
|d 2021-01-17
|e 24
|f 0
|g 0.00
|l 0
|o 597 TRA
|p 99242000028351
|r 2021-01-17 00:00:00
|t 1
|w 2021-01-17
|y BK15
|x Items transfered from Loc16 to Loc24
|x GrPaTEI
|
| 952 |
|
|
|0 0
|1 0
|2 ddc
|4 0
|6 597_000000000000000_TRA
|7 0
|9 250464
|a MSLG
|b MSLG
|c BSC
|d 2021-01-17
|e 24
|f 0
|g 0.00
|l 0
|o 597 TRA
|p 99242000028352
|r 2021-01-17 00:00:00
|t 1
|w 2021-01-17
|y BK15
|x GrPaTEI
|
| 971 |
|
|
|a .b11794173
|b 24-09-20
|c 27-08-15
|
| 999 |
|
|
|c 148675
|d 148675
|